00710nam a22002177a 4500003000800000005001700008008004100025020001800066040001700084041000800101082001500109100002100124245005200145260003700197300002100234653005000255653003000305942000800335999001700343952013200360IBSLLIB20260515102444.0260515b |||||||| |||| 00| 0 eng d a9781408711392 aIBSLLIBbeng hEng a973.9bWOL aWolff , Michael  aFire and Fury : bInside The Trump White House  aLondon : bLittle Brown , c2018 a321 p ; c24 cm  aHistory, Geography and auxiliary desciplines  aHistory of north america  cLBK c22153d22153 001040708LENaIBSLLIBbIBSLLIBcLENd2026-04-30eDonation i10870l0o973.9 WOLp10870r2026-05-15 10:25:47w2026-05-15yLBK